Essentials in marketing management practice
Uloženo v:
| Hlavní autor: | |
|---|---|
| Médium: | Kniha |
| Jazyk: | angličtina |
| Vydáno: |
Kingsmam Graffix Publishers
2020
|
| Tagy: |
Přidat tag
Žádné tagy, Buďte první, kdo vytvoří štítek k tomuto záznamu!
|
MARC
| LEADER | 00000nam a22000007a 4500 | ||
|---|---|---|---|
| 008 | 240124b |||||||| |||| 00| 0 eng d | ||
| 020 | |a 09782049948 | ||
| 100 | |a AFOLABI, Kola | ||
| 245 | |a Essentials in marketing management practice |c Kola Afolabi |g xxx,474p | ||
| 260 | |b Kingsmam Graffix Publishers |c 2020 |h Osogbo, Nigeria |i 700930 |i 700931 |l HF5415.13.Af7 |m Marketing- Management | ||
| 500 | |a it includes references and index | ||
| 942 | |a lcc |c BK |e Johnson |f 24/01/24 | ||
| 952 | |0 0 |1 0 |2 lcc |4 0 |6 HF541513 A F7 |7 0 |9 4810 |a MPL |b HOL |c GJ |d 2024-01-24 |l 0 |o HF5415.13.Af7 |p 2024-0063 |r 2024-01-24 00:00:00 |t 700930 |w 2024-01-24 |y BK | ||
| 952 | |0 0 |1 0 |2 lcc |4 0 |6 HF541513 A F7 |7 0 |9 4811 |a MPL |b HOL |c GJ |d 2024-01-24 |l 0 |o HF5415.13.Af7 |p 2024-0064 |r 2024-01-24 00:00:00 |t 700931 |w 2024-01-24 |y BK | ||
| 952 | |0 0 |1 0 |2 lcc |4 0 |6 HF541513 A F7 |7 0 |9 4812 |a HOL |b HOL |c GJ |d 2024-01-24 |l 0 |o HF5415.13.Af7 |p 2024-0065 |r 2024-01-24 00:00:00 |t 700932 |w 2024-01-24 |y BK | ||
| 952 | |0 0 |1 0 |2 lcc |4 0 |6 HF541513 A F7 |7 0 |9 4813 |a HOL |b HOL |c GJ |d 2024-01-24 |l 0 |o HF5415.13.Af7 |p 2024-0066 |r 2024-01-24 00:00:00 |t 700933 |w 2024-01-24 |y BK | ||
| 952 | |0 0 |1 0 |2 lcc |4 0 |6 HF541513 A F7 |7 0 |9 4814 |a HOL |b HOL |c GJ |d 2024-01-24 |l 0 |o HF5415.13.Af7 |p 2024-0067 |r 2024-01-24 00:00:00 |t 700934 |w 2024-01-24 |y BK | ||
| 952 | |0 0 |1 0 |2 lcc |4 0 |6 HF541513 A F7 |7 0 |9 4815 |a HOL |b HOL |c GJ |d 2024-01-24 |l 0 |o HF5415.13.Af7 |p 2024-0068 |r 2024-01-24 00:00:00 |t 700935 |w 2024-01-24 |y BK | ||
| 999 | |c 2403 |d 2403 | ||